[Event "Veteranen- en  Seniorenkampioenschap 20"]
[Site "Oosterbeek, Netherlands"]
[Date "2010.07.12"]
[Round "3"]
[White "Leeuwen, Etienne van"]
[Black "Vogel, Jaap"]
[Result "0-1"]
[WhiteElo "2057"]
[BlackElo "2196"]
[PlyCount "72"]
[EventDate "2010.??.??"]

1. e4 e6 2. d4 d5 3. Nc3 Bb4 4. e5 b6 5. a3 Bf8 6. f4 Ne7 7. Nf3 h5 8. Be3 Nf5
9. Bf2 Be7 10. Bd3 Ba6 11. Bxa6 Nxa6 12. Qd3 Nb8 13. Nd1 c5 14. c3 c4 15. Qc2
Nc6 16. Ne3 Nxe3 17. Bxe3 Qd7 18. O-O g6 19. Nd2 Na5 20. Rf3 O-O-O 21. a4 Kb7
22. Bf2 Ka8 23. b4 cxb3 24. Nxb3 Nc4 25. Rh3 Rhg8 26. Nd2 Qc6 27. Nxc4 Qxc4 28.
Bh4 Bxh4 29. Rxh4 Rc8 30. Rc1 Qa6 31. Qb3 Rc4 32. Ra1 Rgc8 33. Rh3 Qa5 34. Ra3
Rxd4 35. g4 Rxf4 36. gxh5 Qc5+ 0-1

[Event "Veteranen- en  Seniorenkampioenschap 20"]
[Site "Oosterbeek, Netherlands"]
[Date "2010.07.12"]
[Round "3"]
[White "Voorberg, Kees"]
[Black "Homs, Guust"]
[Result "0-1"]
[WhiteElo "1951"]
[BlackElo "2189"]
[PlyCount "108"]
[EventDate "2010.??.??"]

1. c4 e6 2. g3 d5 3. Bg2 Nf6 4. Nf3 Be7 5. O-O O-O 6. d4 Nbd7 7. Qc2 c6 8. b3
Ne4 9. Nfd2 f5 10. Bb2 Ndf6 11. f3 Nxd2 12. Nxd2 Bd7 13. e4 Be8 14. e5 Nd7 15.
f4 Rf7 16. a4 Nf8 17. Ba3 h6 18. Bxe7 Qxe7 19. Qc3 g5 20. Kh1 Rg7 21. Rg1 Bh5
22. Bf3 Bxf3+ 23. Qxf3 Ng6 24. Qf2 Kf7 25. c5 Rh8 26. b4 Rgh7 27. b5 g4 28. Kg2
h5 29. Kf1 h4 30. Ke2 Qc7 31. Nb3 Ke7 32. Rg2 Kd7 33. Qe1 Kc8 34. Rb1 hxg3 35.
hxg3 Rh2 36. Qg1 Qh7 37. Na5 Qh3 38. Rxh2 Qxh2+ 39. Qf2 Ne7 40. Ke3 Qxf2+ 41.
Kxf2 Rh2+ 42. Kg1 Ra2 43. bxc6 Nxc6 44. Nxb7 Nxd4 45. Nd6+ Kd7 46. Rb7+ Kc6 47.
Rxa7 Kxc5 48. a5 Ne2+ 49. Kf2 Kd4 50. Rb7 Nxf4+ 51. Kf1 Ra1+ 52. Kf2 Nd3+ 53.
Kg2 Ra2+ 54. Kf1 Rxa5 0-1

[Event "Veteranen- en  Seniorenkampioenschap 20"]
[Site "Oosterbeek, Netherlands"]
[Date "2010.07.12"]
[Round "3"]
[White "Arp, Frans"]
[Black "Landsbergen, Ron"]
[Result "1/2-1/2"]
[WhiteElo "2100"]
[BlackElo "1992"]
[PlyCount "91"]
[EventDate "2010.??.??"]

1. e4 c5 2. Nf3 Nc6 3. d4 cxd4 4. Nxd4 Nf6 5. Nc3 e6 6. Nxc6 bxc6 7. e5 Nd5 8.
Nxd5 cxd5 9. Bd3 Ba6 10. O-O Bxd3 11. Qxd3 f5 12. f4 Qc7 13. Be3 Be7 14. c3 O-O
15. h3 Rab8 16. b3 Rfc8 17. Bd4 a5 18. g4 fxg4 19. f5 Bc5 20. hxg4 Bxd4+ 21.
cxd4 Qc3 22. Rad1 Qxd3 23. Rxd3 Rc2 24. a4 Rbc8 25. Rf2 Rc1+ 26. Kg2 Rb1 27.
Kg3 Rcc1 28. Kf4 Kf7 29. fxe6+ Kxe6 30. Kg5 Rd1 31. Rff3 Rbc1 32. Rh3 Rxd3 33.
Rxd3 d6 34. exd6 Kxd6 35. Kf4 h6 36. Kf5 Rf1+ 37. Kg6 Rg1 38. Kxg7 Rxg4+ 39.
Kxh6 Re4 40. Kg5 Kc6 41. Kf5 Kb6 42. Rd2 Ka6 43. Rc2 Rxd4 44. Rc6+ Kb7 45. Rc5
Rb4 46. Rxd5 1/2-1/2

[Event "Veteranen- en  Seniorenkampioenschap 20"]
[Site "Oosterbeek, Netherlands"]
[Date "2010.07.12"]
[Round "3"]
[White "Plijter, Martin"]
[Black "Vlam, Horatio"]
[Result "0-1"]
[WhiteElo "1940"]
[BlackElo "2086"]
[PlyCount "90"]
[EventDate "2010.??.??"]

1. e4 c5 2. Nf3 Nc6 3. d4 cxd4 4. Bc4 Nf6 5. e5 Nxe5 6. Qxd4 Nxc4 7. Qxc4 e6 8.
O-O Be7 9. Nc3 O-O 10. Bf4 d5 11. Qb3 Qa5 12. a3 b6 13. Rfe1 Ba6 14. Ne5 Rac8
15. Ne2 Qc5 16. Rac1 Rfd8 17. c3 Bxe2 18. Rxe2 d4 19. Nxf7 Kxf7 20. Qxe6+ Kf8
21. b4 Qd5 22. Qxe7+ Kg8 23. Re5 Qd7 24. Qxd7 Nxd7 25. Rd5 dxc3 26. Kf1 Rf8 27.
Bd6 Nf6 28. Bxf8 Nxd5 29. Bd6 Kf7 30. Be5 g5 31. g3 Kg6 32. f4 gxf4 33. gxf4
Kf5 34. Ke2 Nxf4+ 35. Bxf4 Kxf4 36. Kd3 Kg4 37. Rg1+ Kh3 38. Kc2 Rc7 39. b5
Kxh2 40. Rg5 Kh3 41. Rg8 h5 42. Rg6 h4 43. Rc6 Rf7 44. Kxc3 Rf3+ 45. Kb4 Kg2
0-1

[Event "Veteranen- en  Seniorenkampioenschap 20"]
[Site "Oosterbeek, Netherlands"]
[Date "2010.07.12"]
[Round "3"]
[White "Haitsma, Anne"]
[Black "Duijn, Roel van"]
[Result "1-0"]
[WhiteElo "1988"]
[BlackElo "2056"]
[PlyCount "47"]
[EventDate "2010.??.??"]

1. Nf3 f5 2. e4 fxe4 3. Ng5 Nf6 4. d3 g6 5. dxe4 Nc6 6. Nc3 Bg7 7. Bc4 e6 8. f4
h6 9. Nf3 Nxe4 10. Nxe4 d5 11. Bb5 dxe4 12. Qxd8+ Kxd8 13. Bxc6 bxc6 14. Ne5
Ba6 15. Nf7+ Ke8 16. Nxh8 Bxh8 17. Kf2 Rb8 18. Rb1 Rb4 19. b3 Rb5 20. c4 Rf5
21. g4 Bd4+ 22. Kg3 Ra5 23. a4 c5 24. Bd2 1-0

[Event "Veteranen- en  Seniorenkampioenschap 20"]
[Site "Oosterbeek, Netherlands"]
[Date "2010.07.12"]
[Round "3"]
[White "Etmans, Maarten"]
[Black "Scholten, Karel"]
[Result "1-0"]
[WhiteElo "2054"]
[BlackElo "1961"]
[PlyCount "67"]
[EventDate "2010.??.??"]

1. e4 c5 2. Nf3 Nc6 3. Bb5 e6 4. O-O Nge7 5. b3 a6 6. Bxc6 Nxc6 7. Bb2 b5 8. c3
d5 9. exd5 Qxd5 10. d4 cxd4 11. cxd4 b4 12. Nbd2 Bb7 13. Nc4 Rd8 14. Qe2 Ne7
15. a3 Qh5 16. Ncd2 Nd5 17. Ne4 Nf4 18. Qe3 Nxg2 19. Kxg2 Qg6+ 20. Ng3 h5 21.
h4 Qg4 22. d5 Rxd5 23. Kh2 Rf5 24. Nxf5 Qxf5 25. Ne5 f6 26. Nc4 Bf3 27. Rg1 e5
28. axb4 Bxb4 29. Rxg7 Kf8 30. Rg3 Bb7 31. Ba3 Bxa3 32. Rxa3 Qb1 33. Qc5+ Kf7
34. Qc7+ 1-0

[Event "Veteranen- en  Seniorenkampioenschap 20"]
[Site "Oosterbeek, Netherlands"]
[Date "2010.07.12"]
[Round "3"]
[White "Caljé, Tom"]
[Black "Boer, Jacob de"]
[Result "1-0"]
[WhiteElo "1995"]
[BlackElo "1928"]
[PlyCount "23"]
[EventDate "2010.??.??"]

1. d4 f5 2. Bf4 Nf6 3. e3 e6 4. Nf3 b6 5. Nbd2 Bb7 6. h3 c5 7. Nc4 d5 8. Nce5
Nbd7 9. Ng5 Nxe5 10. dxe5 Ne4 11. Bb5+ Ke7 12. Nxe4 1-0

[Event "Veteranen- en  Seniorenkampioenschap 20"]
[Site "Oosterbeek, Netherlands"]
[Date "2010.07.12"]
[Round "3"]
[White "Monté, Peter"]
[Black "Mostertman, Loek"]
[Result "1-0"]
[WhiteElo "2007"]
[BlackElo "2111"]
[PlyCount "35"]
[EventDate "2010.??.??"]

1. f4 e5 2. e4 d5 3. Nf3 exf4 4. exd5 Nf6 5. Bc4 Nxd5 6. O-O c6 7. d4 Be6 8.
Bb3 Nd7 9. c4 Ne3 10. Bxe3 fxe3 11. Nc3 Qa5 12. Qd3 O-O-O 13. Qxe3 h6 14. Kh1
Bg4 15. c5 Nxc5 16. dxc5 Bxc5 17. Qf4 Bh5 18. Qf5+ 1-0

[Event "Veteranen- en  Seniorenkampioenschap 20"]
[Site "Oosterbeek, Netherlands"]
[Date "2010.07.12"]
[Round "3"]
[White "Scheeren, Fred"]
[Black "Taal, Anne Paul"]
[Result "1/2-1/2"]
[WhiteElo "2005"]
[BlackElo "1944"]
[PlyCount "91"]
[EventDate "2010.??.??"]

1. e4 c5 2. Nf3 e6 3. d4 cxd4 4. Nxd4 Nf6 5. Nc3 Nc6 6. Ndb5 Bb4 7. a3 Bxc3+ 8.
Nxc3 d5 9. exd5 Nxd5 10. Nxd5 Qxd5 11. Qxd5 exd5 12. Bf4 O-O 13. O-O-O Be6 14.
Be2 Rfd8 15. Bf3 f6 16. Rhe1 Kf7 17. Rd2 Rd7 18. h4 g6 19. g4 Rad8 20. g5 Ne7
21. Rde2 Bf5 22. gxf6 Ng8 23. h5 Nxf6 24. hxg6+ hxg6 25. Bg5 Re8 26. Rxe8 Nxe8
27. Re5 Nc7 28. Bh4 b6 29. Kd2 Be6 30. Be2 Bf5 31. Bf3 Be6 32. Rg5 Bf5 33. Bg4
Bxg4 34. Rxg4 Ne6 35. f3 Ng7 36. a4 Nf5 37. Bf2 Nd6 38. b3 Nb7 39. Bd4 Nd6 40.
Rh4 Ke6 41. Rh8 Rf7 42. Rg8 Rxf3 43. Rxg6+ Kd7 44. Be5 Ne4+ 45. Kc1 Rf7 46. Rg7
1/2-1/2

[Event "Veteranen- en  Seniorenkampioenschap 20"]
[Site "Oosterbeek, Netherlands"]
[Date "2010.07.12"]
[Round "3"]
[White "Wouters, Jan"]
[Black "Peut, Aart van de"]
[Result "1-0"]
[WhiteElo "1923"]
[BlackElo "1886"]
[PlyCount "111"]
[EventDate "2010.??.??"]

1. e4 e6 2. d4 d5 3. e5 c5 4. c3 Nc6 5. Nf3 Bd7 6. Be2 f6 7. Nbd2 Qc7 8. exf6
gxf6 9. O-O O-O-O 10. dxc5 Bxc5 11. Nb3 Bb6 12. Nbd4 a6 13. Nxc6 Bxc6 14. Nd4
Bd7 15. Bg4 f5 16. Bh3 Nf6 17. Qf3 Rhg8 18. Be3 Rdf8 19. Rfe1 Ne4 20. Qh5 Qd6
21. f4 Qe7 22. Rad1 Be8 23. Qf3 Rf6 24. Nxf5 Bxe3+ 25. Nxe3 Rh6 26. Rxd5 Qh4
27. Kf1 Bc6 28. Qxe4 Bxd5 29. Nxd5 Kb8 30. Bxe6 Re8 31. f5 Qxh2 32. Qf4+ Qxf4+
33. Nxf4 Kc7 34. Kf2 Rd8 35. Ke3 Kc6 36. c4 Rd6 37. Bd5+ Kb6 38. b4 Rdf6 39.
Be6 Kc6 40. Rd1 Rf8 41. Bd7+ Kb6 42. c5+ Ka7 43. Be6 Rh4 44. Rd7 Kb8 45. g3 Rh1
46. Rxb7+ Kxb7 47. Bd5+ Kb8 48. Bxh1 Rxf5 49. Be4 Rg5 50. Kf3 Rg7 51. Nd5 Rg5
52. Kf4 Rh5 53. Bf3 Rh2 54. Be4 Rxa2 55. c6 Rf2+ 56. Kg4 1-0

[Event "Veteranen- en  Seniorenkampioenschap 20"]
[Site "Oosterbeek, Netherlands"]
[Date "2010.07.13"]
[Round "4"]
[White "Bohm, Hans"]
[Black "Berg, Ad van den"]
[Result "1/2-1/2"]
[WhiteElo "2262"]
[BlackElo "2211"]
[PlyCount "62"]
[EventDate "2010.??.??"]

1. d4 c5 2. c3 e6 3. e3 d5 4. Bd3 Nd7 5. f4 g5 6. Nf3 g4 7. Ne5 f5 8. h3 Nxe5
9. fxe5 Qh4+ 10. Kd2 g3 11. Qf3 Ne7 12. Kc2 Bd7 13. Nd2 Rc8 14. Kb1 Kd8 15. a4
Be8 16. Be2 Bh6 17. Nb3 b6 18. a5 c4 19. Nd2 b5 20. Re1 b4 21. Ra2 Rb8 22. Ka1
b3 23. Ra3 Rf8 24. Nxc4 dxc4 25. Bxc4 Bc6 26. Qe2 Bd5 27. Bxd5 Nxd5 28. c4 Nb4
29. Rxb3 Qe4 30. Rc3 Qc6 31. Kb1 Qe4+ 1/2-1/2

[Event "Veteranen- en  Seniorenkampioenschap 20"]
[Site "Oosterbeek, Netherlands"]
[Date "2010.07.13"]
[Round "4"]
[White "Vogel, Jaap"]
[Black "Etmans, Maarten"]
[Result "1/2-1/2"]
[WhiteElo "2196"]
[BlackElo "2054"]
[PlyCount "91"]
[EventDate "2010.??.??"]

1. d4 e6 2. c4 Bb4+ 3. Nd2 Nf6 4. a3 Bxd2+ 5. Bxd2 d5 6. Qc2 O-O 7. Nf3 Nbd7 8.
g3 c6 9. Bg2 Re8 10. Bf4 Ne4 11. O-O b6 12. Ne5 Nxe5 13. Bxe5 Nf6 14. cxd5 cxd5
15. Qd3 a5 16. b4 Bd7 17. b5 Rc8 18. Rfc1 Qe7 19. h3 Rxc1+ 20. Rxc1 Rc8 21.
Rxc8+ Bxc8 22. Qc3 Bb7 23. Bc7 Nd7 24. g4 Qe8 25. Qg3 Qe7 26. g5 Kh8 27. h4 g6
28. Bd6 Qe8 29. Qf4 Kg8 30. Bh3 Qc8 31. Bc7 Qf8 32. Qe3 Qe7 33. Bg4 Qe8 34. h5
Qc8 35. Qg3 Qf8 36. hxg6 hxg6 37. Kf1 Qe7 38. Qe3 Qe8 39. Ke1 Qe7 40. Kd2 Qe8
41. Qg3 Qe7 42. Bh3 Qf8 43. Ke1 Qe7 44. Kf1 Qf8 45. Kg2 Qe7 46. Bd6 1/2-1/2

[Event "Veteranen- en  Seniorenkampioenschap 20"]
[Site "Oosterbeek, Netherlands"]
[Date "2010.07.13"]
[Round "4"]
[White "Homs, Guust"]
[Black "Haitsma, Anne"]
[Result "1/2-1/2"]
[WhiteElo "2189"]
[BlackElo "1988"]
[PlyCount "66"]
[EventDate "2010.??.??"]

1. e4 e5 2. Nf3 Nc6 3. Bb5 a6 4. Ba4 Nf6 5. O-O Be7 6. d4 exd4 7. e5 Ne4 8.
Bxc6 dxc6 9. Qxd4 Qxd4 10. Nxd4 O-O 11. Re1 Nc5 12. Be3 f5 13. f4 Ne6 14. Nd2
Nxd4 15. Bxd4 Be6 16. Nf3 Rad8 17. Red1 Rd5 18. Rd2 c5 19. Be3 Rxd2 20. Nxd2
Rd8 21. c4 Kf7 22. Kf2 Bc8 23. b3 b6 24. Ke2 h6 25. Nb1 g5 26. Nc3 Bb7 27. g3
g4 28. Rc1 h5 29. Rc2 Bf3+ 30. Kf2 Rd3 31. h4 Ke6 32. Rc1 Kd7 33. Na4 Ke6
1/2-1/2

[Event "Veteranen- en  Seniorenkampioenschap 20"]
[Site "Oosterbeek, Netherlands"]
[Date "2010.07.13"]
[Round "4"]
[White "Vlam, Horatio"]
[Black "Caljé, Tom"]
[Result "1-0"]
[WhiteElo "2086"]
[BlackElo "1995"]
[PlyCount "41"]
[EventDate "2010.??.??"]

1. c4 f5 2. Nf3 Nf6 3. g3 e6 4. Bg2 Be7 5. O-O O-O 6. Nc3 d6 7. d3 Nc6 8. Rb1
Qe8 9. b4 e5 10. c5 Qh5 11. cxd6 cxd6 12. b5 Nd8 13. Ba3 f4 14. d4 Bh3 15. dxe5
Ng4 16. exd6 Bg5 17. Qd5+ Nf7 18. Ne4 h6 19. gxf4 Bxg2 20. Kxg2 Kh8 21. h3 1-0

[Event "Veteranen- en  Seniorenkampioenschap 20"]
[Site "Oosterbeek, Netherlands"]
[Date "2010.07.13"]
[Round "4"]
[White "Klein, Ron"]
[Black "Leeuwen, Etienne van"]
[Result "1-0"]
[WhiteElo "2053"]
[BlackElo "2057"]
[PlyCount "129"]
[EventDate "2010.??.??"]

1. d4 Nf6 2. Bg5 c5 3. Nc3 Qa5 4. d5 Ne4 5. Bd2 Nxd2 6. Qxd2 d6 7. e4 g6 8. Nb5
Qxd2+ 9. Kxd2 Kd8 10. a4 Bg7 11. c3 Nd7 12. g3 Ne5 13. Bh3 Bd7 14. Bxd7 Kxd7
15. f4 Nc4+ 16. Kc2 a6 17. Na3 Nxa3+ 18. Rxa3 b5 19. Nf3 b4 20. Rb3 a5 21. c4
Rab8 22. Re1 e6 23. Ng5 h6 24. Nf3 exd5 25. exd5 Rhe8 26. Rbe3 b3+ 27. Kc1 Rxe3
28. Rxe3 Rb4 29. Nd2 Rxa4 30. Rxb3 Rb4 31. Rxb4 axb4 32. Kc2 Ke7 33. Ne4 Bd4
34. Nd2 g5 35. fxg5 hxg5 36. g4 Be3 37. Ne4 f6 38. Ng3 Bf4 39. Nf5+ Kf7 40. h3
Be5 41. b3 Kg6 42. Kd3 Bf4 43. Ke4 Bh2 44. h4 gxh4 45. Nxh4+ Kf7 46. Kf5 Be5
47. Nf3 Bg3 48. Nd2 Bh2 49. Ne4 Be5 50. g5 fxg5 51. Nxg5+ Ke7 52. Kg6 Bh2 53.
Ne6 Bg3 54. Ng7 Be5 55. Nf5+ Kf8 56. Nh6 Ke7 57. Ng8+ Kf8 58. Nf6 Ke7 59. Ng4
Bg3 60. Nh6 Be5 61. Kf5 Bg3 62. Ng8+ Kf7 63. Nf6 Bh2 64. Ne4 Be5 65. Nxc5 1-0

[Event "Veteranen- en  Seniorenkampioenschap 20"]
[Site "Oosterbeek, Netherlands"]
[Date "2010.07.13"]
[Round "4"]
[White "Voorberg, Kees"]
[Black "Monté, Peter"]
[Result "1-0"]
[WhiteElo "1951"]
[BlackElo "2007"]
[PlyCount "75"]
[EventDate "2010.??.??"]

1. c4 f5 2. g3 d6 3. d4 Nf6 4. Bg2 e6 5. Nc3 Be7 6. Nf3 O-O 7. O-O Qe8 8. Re1
Ne4 9. Qc2 Qg6 10. Rb1 a5 11. a3 Nc6 12. b4 axb4 13. axb4 Nxc3 14. Qxc3 Bf6 15.
b5 Nd8 16. c5 Nf7 17. b6 e5 18. bxc7 e4 19. Nd2 Re8 20. e3 dxc5 21. Qxc5 Be7
22. Qc4 Ra6 23. Bb2 Rc6 24. Qb5 Nd6 25. Qb3+ Kf8 26. Rec1 Rxc1+ 27. Rxc1 Qf7
28. d5 Kg8 29. Bf1 Bf8 30. Ba3 g5 31. Qa4 f4 32. Bxd6 fxe3 33. fxe3 Bxd6 34.
Nxe4 Qe7 35. Qxe8+ Qxe8 36. Nf6+ Kf7 37. Nxe8 Kxe8 38. Bd3 1-0

[Event "Veteranen- en  Seniorenkampioenschap 20"]
[Site "Oosterbeek, Netherlands"]
[Date "2010.07.13"]
[Round "4"]
[White "Duijn, Roel van"]
[Black "Boer, Jacob de"]
[Result "1/2-1/2"]
[WhiteElo "2056"]
[BlackElo "1928"]
[PlyCount "53"]
[EventDate "2010.??.??"]

1. e4 e6 2. Nf3 d5 3. Nc3 Nf6 4. Qe2 Be7 5. g3 b6 6. Bg2 dxe4 7. Nxe4 Bb7 8. d3
Nc6 9. O-O O-O 10. Bd2 Nxe4 11. dxe4 e5 12. Qc4 Kh8 13. Rad1 Bd6 14. Bc3 Qe7
15. Nh4 g6 16. f4 f6 17. Rd2 Rad8 18. Kh1 a6 19. a4 a5 20. f5 Kg7 21. fxg6 hxg6
22. Rfd1 Nb4 23. Qe2 Bc8 24. Bf3 Be6 25. Bg4 Qd7 26. Bf3 Rh8 27. b3 1/2-1/2

[Event "Veteranen- en  Seniorenkampioenschap 20"]
[Site "Oosterbeek, Netherlands"]
[Date "2010.07.13"]
[Round "4"]
[White "Scholten, Karel"]
[Black "Plijter, Martin"]
[Result "1/2-1/2"]
[WhiteElo "1961"]
[BlackElo "1940"]
[PlyCount "100"]
[EventDate "2010.??.??"]

1. e4 e6 2. d4 d5 3. Nc3 Nf6 4. e5 Nfd7 5. f4 c5 6. Nf3 Nc6 7. Be3 Qb6 8. Na4
Qa5+ 9. c3 cxd4 10. b4 Nxb4 11. cxb4 Bxb4+ 12. Bd2 Bxd2+ 13. Nxd2 f6 14. Nb2
O-O 15. Bd3 fxe5 16. fxe5 g6 17. Qe2 Nc5 18. Rf1 Bd7 19. Rf3 Rxf3 20. gxf3 Rf8
21. Kf2 Qd8 22. Rg1 Qh4+ 23. Kf1 a6 24. Kg2 Nxd3 25. Nxd3 Bb5 26. Qe1 Qg5+ 27.
Kh1 Qe3 28. Nf2 Be2 29. Ng4 Bxf3+ 30. Nxf3 Qxf3+ 31. Rg2 Rc8 32. Kg1 d3 33. Rg3
Qf4 34. Nf6+ Kf7 35. Rxd3 Rc1 36. Rd1 Rxd1 37. Qxd1 Qe3+ 38. Kg2 Qxe5 39. Ng4
Qe4+ 40. Kg3 Ke7 41. Qc1 Qd3+ 42. Kh4 Qc4 43. Qa3+ Kd7 44. Kg5 h6+ 45. Nxh6 d4
46. Nf7 Qd5+ 47. Kf6 Qf5+ 48. Kg7 Qd5 49. Kf6 Qf5+ 50. Kg7 Qd5 1/2-1/2

[Event "Veteranen- en  Seniorenkampioenschap 20"]
[Site "Oosterbeek, Netherlands"]
[Date "2010.07.13"]
[Round "4"]
[White "Taal, Anne Paul"]
[Black "Wouters, Jan"]
[Result "1/2-1/2"]
[WhiteElo "1944"]
[BlackElo "1923"]
[PlyCount "49"]
[EventDate "2010.??.??"]

1. e4 c6 2. d4 d5 3. exd5 cxd5 4. Bd3 Nc6 5. c3 g6 6. Nf3 Bg7 7. O-O Nf6 8. Re1
O-O 9. Nbd2 Bf5 10. Qc2 e6 11. Nf1 Rc8 12. Qe2 Bxd3 13. Qxd3 Qd6 14. Ng3 Rfe8
15. Ne5 Ne7 16. Bg5 Nd7 17. Bf4 Nxe5 18. Bxe5 Qb6 19. Bxg7 Kxg7 20. Re2 Qc7 21.
Qe3 Ng8 22. Rae1 Qe7 23. Qf3 Qf6 24. Qg4 Kh8 25. f4 1/2-1/2

[Event "Veteranen- en  Seniorenkampioenschap 20"]
[Site "Oosterbeek, Netherlands"]
[Date "2010.07.13"]
[Round "4"]
[White "Mostertman, Loek"]
[Black "Scheeren, Fred"]
[Result "1-0"]
[WhiteElo "2111"]
[BlackElo "2005"]
[PlyCount "79"]
[EventDate "2010.??.??"]

1. d4 Nf6 2. c4 e6 3. Nc3 Bb4 4. e3 O-O 5. Nge2 d5 6. a3 Be7 7. cxd5 exd5 8. g3
b6 9. Bg2 Bb7 10. O-O Nbd7 11. Nf4 c6 12. f3 c5 13. dxc5 Nxc5 14. b4 Ne6 15.
Nxe6 fxe6 16. Bh3 Qd6 17. Nb5 Qd8 18. Bxe6+ Kh8 19. Nd4 Bd6 20. Bb2 Qe7 21. Qb3
Rad8 22. Bh3 Rfe8 23. Nf5 Qf8 24. Nxd6 Qxd6 25. Rad1 Qe7 26. Rd3 Nd7 27. Rfd1
Ne5 28. Bxe5 Qxe5 29. e4 d4 30. Qc4 Qf6 31. Bg2 h6 32. Rxd4 Rxd4 33. Qxd4 Qxd4+
34. Rxd4 Re7 35. f4 g6 36. e5 Bxg2 37. Kxg2 Kg7 38. Kf3 Kf7 39. Ke4 Rc7 40. Rd6
1-0

[Event "Veteranen- en  Seniorenkampioenschap 20"]
[Site "Oosterbeek, Netherlands"]
[Date "2010.07.14"]
[Round "5"]
[White "Berg, Ad van den"]
[Black "Vogel, Jaap"]
[Result "1/2-1/2"]
[WhiteElo "2211"]
[BlackElo "2196"]
[PlyCount "52"]
[EventDate "2010.??.??"]

1. e4 e6 2. d4 d5 3. Nc3 Bb4 4. exd5 exd5 5. Bd3 Ne7 6. Qf3 Be6 7. Nge2 Nbc6 8.
a3 Ba5 9. O-O Qd7 10. h3 O-O-O 11. Na4 Bb6 12. Bb5 Nf5 13. Qc3 Nd6 14. Bxc6
Qxc6 15. Qxc6 bxc6 16. Bf4 Bf5 17. Rac1 Rhe8 18. Ng3 Bg6 19. Nxb6+ axb6 20.
Bxd6 Rxd6 21. c3 Rde6 22. f4 Re3 23. Rf3 Rxf3 24. gxf3 Bd3 25. Kf2 Kd7 26. Re1
Rxe1 1/2-1/2

[Event "Veteranen- en  Seniorenkampioenschap 20"]
[Site "Oosterbeek, Netherlands"]
[Date "2010.07.14"]
[Round "5"]
[White "Klein, Ron"]
[Black "Böhm, Hans"]
[Result "0-1"]
[WhiteElo "2053"]
[BlackElo "2262"]
[PlyCount "68"]
[EventDate "2010.??.??"]

1. e4 e6 2. d4 d5 3. e5 c5 4. c3 a5 5. Nf3 a4 6. Bb5+ Bd7 7. Bxd7+ Qxd7 8. O-O
Nc6 9. Be3 b6 10. Ne1 h5 11. f4 Nge7 12. Na3 Nf5 13. Nac2 Be7 14. Bf2 g6 15.
Nf3 cxd4 16. Ncxd4 Ncxd4 17. Nxd4 Nxd4 18. Bxd4 Qb5 19. b3 Bc5 20. Rb1 O-O 21.
g4 hxg4 22. Qxg4 Qd3 23. Rbd1 Qxc3 24. Bxc5 Qxc5+ 25. Kh1 Qc2 26. Qg2 axb3 27.
axb3 Ra2 28. Qxc2 Rxc2 29. Rc1 Rfc8 30. Rxc2 Rxc2 31. Rf3 b5 32. h3 b4 33. Kg1
Kg7 34. Kf1 Kh6 0-1

[Event "Veteranen- en  Seniorenkampioenschap 20"]
[Site "Oosterbeek, Netherlands"]
[Date "2010.07.14"]
[Round "5"]
[White "Etmans, Maarten"]
[Black "Vlam, Horatio"]
[Result "1/2-1/2"]
[WhiteElo "2054"]
[BlackElo "2086"]
[PlyCount "40"]
[EventDate "2010.??.??"]

1. e4 d6 2. Bc4 Nf6 3. Qe2 Nc6 4. c3 e5 5. h3 Be7 6. Nf3 O-O 7. d4 exd4 8. cxd4
d5 9. exd5 Nxd5 10. O-O Re8 11. Re1 Bf5 12. Bd3 Bxd3 13. Qxd3 Qd6 14. Nc3 Rad8
15. Be3 Nxe3 16. fxe3 Ne5 17. Nxe5 Qxe5 18. Qf1 Qh5 19. Qf3 Qxf3 20. gxf3 Bb4
1/2-1/2

[Event "Veteranen- en  Seniorenkampioenschap 20"]
[Site "Oosterbeek, Netherlands"]
[Date "2010.07.14"]
[Round "5"]
[White "Haitsma, Anne"]
[Black "Voorberg, Kees"]
[Result "1/2-1/2"]
[WhiteElo "1988"]
[BlackElo "1951"]
[PlyCount "45"]
[EventDate "2010.??.??"]

1. c4 e5 2. Nc3 Nf6 3. Nf3 Nc6 4. d4 exd4 5. Nxd4 Bb4 6. Bg5 h6 7. Bh4 O-O 8.
Rc1 Re8 9. a3 Bf8 10. f3 g5 11. Bf2 d6 12. e4 a5 13. Be2 Bg7 14. Ndb5 Bd7 15.
Nd5 Rc8 16. Nxd6 cxd6 17. Bb6 Nxd5 18. Bxd8 Ne3 19. Qd2 Bd4 20. Bxa5 Nxg2+ 21.
Kd1 Ne3+ 22. Ke1 Ng2+ 23. Kd1 1/2-1/2

[Event "Veteranen- en  Seniorenkampioenschap 20"]
[Site "Oosterbeek, Netherlands"]
[Date "2010.07.14"]
[Round "5"]
[White "Goossen, Theo"]
[Black "Homs, Guust"]
[Result "0-1"]
[WhiteElo "2041"]
[BlackElo "2189"]
[PlyCount "130"]
[EventDate "2010.??.??"]

1. e4 e5 2. Nf3 Nc6 3. Bb5 g6 4. d4 exd4 5. Bg5 Be7 6. Bxe7 Qxe7 7. Bxc6 bxc6
8. Qxd4 Nf6 9. Nbd2 O-O 10. O-O c5 11. Qe3 Re8 12. Rfe1 d6 13. h3 Bb7 14. Qh6
Nd7 15. Re3 Qf8 16. Qh4 Qe7 17. Qh6 Qf8 18. Qf4 f6 19. h4 Re7 20. Rae1 Rae8 21.
c4 Qf7 22. Rb3 Bc6 23. Ra3 Ra8 24. Ree3 a5 25. Rac3 a4 26. Ne1 Ree8 27. Nd3
Rab8 28. Qg3 Qg7 29. f4 Re7 30. Qe1 Rbe8 31. Nf2 Qh6 32. g3 Qg7 33. Kh2 Kh8 34.
Nd1 f5 35. exf5 gxf5 36. Rxe7 Rxe7 37. Re3 Rxe3 38. Qxe3 Nf6 39. Qc3 Kg8 40.
Nf2 Qe7 41. Kg1 Kf7 42. Kf1 h6 43. Qd3 Qe6 44. Qe2 Qxe2+ 45. Kxe2 Nh5 46. Nf1
Bg2 47. Nd1 Bxf1+ 48. Kxf1 Nxg3+ 49. Kf2 Ne4+ 50. Ke3 c6 51. Kd3 d5 52. Nc3
Nxc3 53. Kxc3 d4+ 54. Kd3 a3 55. h5 axb2 56. Kc2 Ke6 57. Kxb2 Kd7 58. Kc2 Kc7
59. Kb2 Kb6 60. Kc2 Ka5 61. Kb3 d3 62. Kc3 Ka4 63. Kxd3 Ka3 64. Kc3 Kxa2 65.
Kc2 Ka3 0-1

[Event "Veteranen- en  Seniorenkampioenschap 20"]
[Site "Oosterbeek, Netherlands"]
[Date "2010.07.14"]
[Round "5"]
[White "Caljé, Tom"]
[Black "Landsbergen, Ron"]
[Result "0-1"]
[WhiteElo "1995"]
[BlackElo "1992"]
[PlyCount "40"]
[EventDate "2010.??.??"]

1. e4 c5 2. d3 Nc6 3. f4 d5 4. exd5 Qxd5 5. Nc3 Qd8 6. Nf3 g6 7. Be3 Nd4 8. Ne4
b6 9. c3 Nf5 10. Bf2 Bg7 11. d4 cxd4 12. Ne5 Bxe5 13. fxe5 Qd5 14. Bd3 dxc3 15.
O-O Bb7 16. Qe2 Ngh6 17. Rad1 O-O 18. g4 Nd4 19. Qe3 c2 20. Rc1 Nxg4 0-1

[Event "Veteranen- en  Seniorenkampioenschap 20"]
[Site "Oosterbeek, Netherlands"]
[Date "2010.07.14"]
[Round "5"]
[White "Plijter, Martin"]
[Black "Mostertman, Loek"]
[Result "1/2-1/2"]
[WhiteElo "1940"]
[BlackElo "2111"]
[PlyCount "96"]
[EventDate "2010.??.??"]

1. e4 e5 2. Nf3 Nc6 3. Bc4 Nf6 4. Ng5 d5 5. exd5 Na5 6. Bb5+ c6 7. dxc6 bxc6 8.
Be2 h6 9. Nf3 e4 10. Ne5 Bd6 11. d4 exd3 12. Nxd3 Qc7 13. g3 O-O 14. O-O Rb8
15. Nc3 Rd8 16. Bf3 Nc4 17. Re1 Bf5 18. Qe2 Re8 19. Qf1 Ne5 20. Nxe5 Bxe5 21.
Rxe5 Qxe5 22. Bf4 Qc5 23. Bxb8 Rxb8 24. Qe2 Re8 25. Qd2 Ne4 26. Nxe4 Bxe4 27.
Bxe4 Rxe4 28. Qd8+ Kh7 29. Qd3 f5 30. c3 Qe5 31. Kf1 Qe6 32. Rd1 Qxa2 33. f3
Re5 34. Re1 Rxe1+ 35. Kxe1 Qa1+ 36. Ke2 Qxb2+ 37. Ke3 Qb5 38. Qxb5 cxb5 39. Kd4
a5 40. Kc5 a4 41. Kb4 Kg6 42. c4 bxc4 43. Kxa4 f4 44. Kb4 fxg3 45. hxg3 Kf5 46.
Kxc4 g5 47. Kd4 h5 48. Ke3 h4 1/2-1/2

[Event "Veteranen- en  Seniorenkampioenschap 20"]
[Site "Oosterbeek, Netherlands"]
[Date "2010.07.14"]
[Round "5"]
[White "Monté, Peter"]
[Black "Arp, Frans"]
[Result "0-1"]
[WhiteElo "2007"]
[BlackElo "2100"]
[PlyCount "30"]
[EventDate "2010.??.??"]

1. e4 e5 2. f4 exf4 3. Nf3 d5 4. exd5 Nf6 5. Nc3 Bd6 6. Bc4 O-O 7. O-O Bg4 8.
d4 Nbd7 9. Qe1 Nh5 10. Ne5 Nxe5 11. dxe5 Bc5+ 12. Kh1 Ng3+ 13. hxg3 Qg5 14. Rf2
Qh5+ 15. Kg1 fxg3 0-1